01156nam a2200193Ia 4500001001000000003001000010008004100020040002500061041001300086100002400099245004500123250001100168260009900179300001200278500026200290501011400552520026200666650003400928L235-7918IT-CnALBA170116s9999||||xx |||||||||||||| ||und|| aIT-CnALBAcIT-CnALBA aITALIANO aSPADAFORA FRANCESCO 0aMARIA SANTISSIMA NELLA SACRA SCRITTURA.  a1a ed. aROMAbLATERANENSE PONTIFICIA UNIVERSITÀ ROMA'c1963 [1° Ed.:1963 - Ed.Ling.Originale: 1963] a136 p.  aMARIOLOGIA BIBLICA. ANTICO TESTAMENTO. PROTOVANGELO. DOCUMENTI DEL MAGISTERO ECCLESIASTICO. IMMACOLATA CONCEZIONE. PROFEZIA DELL'EMMANUELE. FIGURE TIPICOLOGICHE. TESTI MARIANI DEL NUOVO TESTAMENTO. VITE DI MARIA. MONOGRAFIE. REGALITÀ DI MARIA NELLA SCRITT aSocietà San Paolo EM - Piazza San Paolo, 14 - 12051 ALBA (CN) (non commercial uses only) ® Copyright 2017 aMARIOLOGIA BIBLICA. ANTICO TESTAMENTO. PROTOVANGELO. DOCUMENTI DEL MAGISTERO ECCLESIASTICO. IMMACOLATA CONCEZIONE. PROFEZIA DELL'EMMANUELE. FIGURE TIPICOLOGICHE. TESTI MARIANI DEL NUOVO TESTAMENTO. VITE DI MARIA. MONOGRAFIE. REGALITÀ DI MARIA NELLA SCRITT aMARIA SS. ANGELI SANTI DEMONI